00297nam a2200121Ia 4500008004100000041000800041100001200049245003900061260002400100300000900124520001200133650003000145230818s2003 xx 000 0 und d aeng aAnderws aFood and Beverage Service (Mannul) bTata Mc Garthc2003 a192p aGeneral aFood and Beverage service